<?xml version="1.0" encoding="UTF-8"?>
<record
    xmlns:xsi="http://www.w3.org/2001/XMLSchema-instance"
    xsi:schemaLocation="http://www.loc.gov/MARC21/slim http://www.loc.gov/standards/marcxml/schema/MARC21slim.xsd"
    xmlns="http://www.loc.gov/MARC21/slim">

  <leader>02356ngm a2200301 a 4500</leader>
  <controlfield tag="001">ASINB000C4ETCY</controlfield>
  <controlfield tag="005">20200421093827.0</controlfield>
  <controlfield tag="008">140724s2005    xxu                 eng d</controlfield>
  <datafield tag="020" ind1=" " ind2=" ">
    <subfield code="c">&#xA3;5.99</subfield>
  </datafield>
  <datafield tag="245" ind1="1" ind2="4">
    <subfield code="a">The opposite of sex [dvd]</subfield>
    <subfield code="h">[videorecording] /</subfield>
    <subfield code="c">Christina Ricci, Martin Donovan, Lisa Kudrow, Lyle Lovett, Johnny Galecki, Christina Ricci, Martin Donovan, Mason Daring, David Kirkpatrick.</subfield>
  </datafield>
  <datafield tag="260" ind1=" " ind2=" ">
    <subfield code="a">[S.l.] :</subfield>
    <subfield code="b">Uca,</subfield>
    <subfield code="c">2005.</subfield>
  </datafield>
  <datafield tag="300" ind1=" " ind2=" ">
    <subfield code="a">1 videodisc (97 min.) :</subfield>
    <subfield code="b">sd., col ;</subfield>
    <subfield code="c">4 3/4 in.</subfield>
  </datafield>
  <datafield tag="511" ind1="1" ind2=" ">
    <subfield code="a">Starring Christina Ricci, Martin Donovan, Lisa Kudrow, Lyle Lovett, Johnny Galecki.</subfield>
  </datafield>
  <datafield tag="520" ind1=" " ind2=" ">
    <subfield code="a">Christina Ricci had a great year in 1998. The young actress continued to cast off her youthful image from the Addams Family movies and made a big splash on the independent movie scene, especially in this scathingly witty comedy in which Ricci has the central role. Here she plays Dedee, a buxom, sexually precocious teenager who's pregnant, cynical, and looking for a volunteer father for her unborn child. This takes her to the home of her gay half-brother (Martin Donovan) whose current lover (Ivan Sergei) becomes Dedee's latest target for seduction. That's just the start of the mischief that Dedee so masterfully orchestrates, and Lisa Kudrow (from TV's Friends ) is also on hand to deliver some of the movie's most quotable dialogue while fending off the affection of a local policeman played by Lyle Lovett. If all this sounds rather sordid, rest assured that the movie's got a warm heart (well, sort of) beating beneath all of its sharp-edged sarcasm. Writer-director Don Roos ( Single White Female ) injects most of the movie's appeal and humour through Dedee's voice-over narration, which constantly reminds us that even the most familiar movie clich&#xFFFD;s can be cleverly overturned. As a result, The Opposite of Sex is the opposite of boring. --Jeff Shannon.</subfield>
  </datafield>
  <datafield tag="521" ind1=" " ind2=" ">
    <subfield code="a">Suitable for 18 years and over.</subfield>
  </datafield>
  <datafield tag="538" ind1=" " ind2=" ">
    <subfield code="a">PAL.</subfield>
  </datafield>
  <datafield tag="700" ind1="1" ind2=" ">
    <subfield code="a">Ricci, Christina.</subfield>
  </datafield>
  <datafield tag="700" ind1="1" ind2=" ">
    <subfield code="a">Donovan, Martin.</subfield>
  </datafield>
  <datafield tag="700" ind1="1" ind2=" ">
    <subfield code="a">Kudrow, Lisa.</subfield>
  </datafield>
  <datafield tag="700" ind1="1" ind2=" ">
    <subfield code="a">Lovett, Lyle.</subfield>
  </datafield>
  <datafield tag="700" ind1="1" ind2=" ">
    <subfield code="a">Galecki, Johnny.</subfield>
  </datafield>
  <datafield tag="700" ind1="1" ind2=" ">
    <subfield code="a">Ricci, Christina.</subfield>
  </datafield>
  <datafield tag="700" ind1="1" ind2=" ">
    <subfield code="a">Donovan, Martin.</subfield>
  </datafield>
  <datafield tag="700" ind1="1" ind2=" ">
    <subfield code="a">Daring, Mason.</subfield>
  </datafield>
  <datafield tag="700" ind1="1" ind2=" ">
    <subfield code="a">Kirkpatrick, David.</subfield>
  </datafield>
  <datafield tag="856" ind1="4" ind2="0">
    <subfield code="3">Amazon.com</subfield>
    <subfield code="u">http://www.amazon.co.uk/exec/obidos/ASIN/B000C4ETCY/chopaconline-20</subfield>
  </datafield>
  <datafield tag="942" ind1=" " ind2=" ">
    <subfield code="2">ddc</subfield>
    <subfield code="c">BK</subfield>
  </datafield>
  <datafield tag="999" ind1=" " ind2=" ">
    <subfield code="c">377</subfield>
    <subfield code="d">377</subfield>
  </datafield>
  <datafield tag="952" ind1=" " ind2=" ">
    <subfield code="0">0</subfield>
    <subfield code="1">0</subfield>
    <subfield code="4">0</subfield>
    <subfield code="7">0</subfield>
    <subfield code="8">REF</subfield>
    <subfield code="a">MPL</subfield>
    <subfield code="b">MPL</subfield>
    <subfield code="c">AV</subfield>
    <subfield code="d">2014-09-04</subfield>
    <subfield code="p">39999000016512</subfield>
    <subfield code="r">2014-09-04 00:00:00</subfield>
    <subfield code="w">2014-09-04</subfield>
    <subfield code="y">MU</subfield>
  </datafield>
  <datafield tag="952" ind1=" " ind2=" ">
    <subfield code="0">0</subfield>
    <subfield code="1">0</subfield>
    <subfield code="4">0</subfield>
    <subfield code="7">0</subfield>
    <subfield code="8">REF</subfield>
    <subfield code="a">MPL</subfield>
    <subfield code="b">MPL</subfield>
    <subfield code="c">AV</subfield>
    <subfield code="d">2014-09-04</subfield>
    <subfield code="p">39999000016536</subfield>
    <subfield code="r">2014-09-04 00:00:00</subfield>
    <subfield code="w">2014-09-04</subfield>
    <subfield code="y">MU</subfield>
  </datafield>
  <datafield tag="952" ind1=" " ind2=" ">
    <subfield code="0">0</subfield>
    <subfield code="1">0</subfield>
    <subfield code="4">0</subfield>
    <subfield code="7">0</subfield>
    <subfield code="8">REF</subfield>
    <subfield code="a">CPL</subfield>
    <subfield code="b">CPL</subfield>
    <subfield code="c">AV</subfield>
    <subfield code="d">2014-09-04</subfield>
    <subfield code="p">39999000016550</subfield>
    <subfield code="r">2014-09-04 00:00:00</subfield>
    <subfield code="w">2014-09-04</subfield>
    <subfield code="y">MU</subfield>
  </datafield>
  <datafield tag="952" ind1=" " ind2=" ">
    <subfield code="0">0</subfield>
    <subfield code="1">0</subfield>
    <subfield code="4">0</subfield>
    <subfield code="7">0</subfield>
    <subfield code="8">REF</subfield>
    <subfield code="a">CPL</subfield>
    <subfield code="b">CPL</subfield>
    <subfield code="c">AV</subfield>
    <subfield code="d">2014-09-04</subfield>
    <subfield code="p">39999000016574</subfield>
    <subfield code="r">2014-09-04 00:00:00</subfield>
    <subfield code="w">2014-09-04</subfield>
    <subfield code="y">MU</subfield>
  </datafield>
</record>
